UBT Library

A Simpler way (Record no. 58238)

000 -LEADER
fixed length control field 00306nam a22001457a 4500
008 - FIXED-LENGTH DATA ELEMENTS--GENERAL INFORMATION
fixed length control field 211018b ||||| |||| 00| 0 eng d
020 ## - INTERNATIONAL STANDARD BOOK NUMBER
International Standard Book Number 9781881052951
041 ## - LANGUAGE CODE
Language code of text/sound track or separate title eng
080 ## - UNIVERSAL DECIMAL CLASSIFICATION NUMBER
Universal Decimal Classification number 658
082 ## - DEWEY DECIMAL CLASSIFICATION NUMBER
Classification number 658
100 ## - Rafti
Rafti 54
101 ## - Shkurtesa
Shkurtesa LID
245 ## - TITLE STATEMENT
Title A Simpler way
Statement of responsibility, etc Wheatley,M.J
942 ## - ADDED ENTRY ELEMENTS (KOHA)
Source of classification or shelving scheme
Item type Books
Holdings
Withdrawn status Lost status Source of classification or shelving scheme Damaged status Not for loan Collection code Permanent location Current location Shelving location Date acquired Total Checkouts Full call number Barcode Date last seen Price effective from Koha item type
          Koleksioni i përgjithshem UBT - Lipjan UBT - Lipjan Koleksioni i përgjithshem 10/18/2021   658 WHE 002-80002645 10/18/2021 10/18/2021 Books
UBT Library © 2015-2024. All rights reserved University Education for Business and Technology